Popular Master Guide Delhi Skill and Entrepreneurship University: (Record no. 180498)
[ view plain ]
| 000 -LEADER | |
|---|---|
| fixed length control field | 00678nam a22001937a 4500 |
| 005 - DATE AND TIME OF LATEST TRANSACTION | |
| control field | 20210810151042.0 |
| 010 ## - LCCN (DPL NO) | |
| LC control number | ENG-129723 |
| 020 ## - INTERNATIONAL STANDARD BOOK NUMBER | |
| Terms of availability | 490.00 |
| International Standard Book Number | 978-93-90744-22-0 |
| 035 ## - SYSTEM CONTROL NUMBER | |
| System control number | EN-113255 |
| 037 ## - SOURCE OF ACQUISITION | |
| Source of stock number/acquisition | DBAD/PUB |
| 082 ## - DEWEY DECIMAL CLASSIFICATION NUMBER | |
| Classification number | 000 |
| 100 ## - MAIN ENTRY--PERSONAL NAME | |
| Personal name | Gupta's, R |
| 245 ## - TITLE STATEMENT | |
| Title | Popular Master Guide Delhi Skill and Entrepreneurship University: |
| Remainder of title | Diploma in Engineering Courses (CET)/ |
| Statement of responsibility, etc | R. Gupta's |
| 250 ## - EDITION STATEMENT | |
| Edition statement | 2022 |
| 260 ## - PUBLICATION, DISTRIBUTION, ETC. (IMPRINT) | |
| Name of publisher, distributor, etc | Ramesh Publishing House |
| Date of publication, distribution, etc | 2022 |
| Place of publication, distribution, etc | New Delhi |
| 270 ## - ADDRESS | |
| Electronic mail address | info@rameshpublishouse.com |
| Address | 12-H, New Daryaganj Road, Opp. Officers' Mess |
| City | New Delhi |
| Postal code | 110002 |
| Telephone number | 011-23261567 |
| 300 ## - PHYSICAL DESCRIPTION | |
| Extent | 550 p. |
| Dimensions | 28cm (pbk) |
| 942 ## - ADDED ENTRY ELEMENTS (KOHA) | |
| Source of classification or shelving scheme | Dewey Decimal Classification |
| Item type | English Books |
| Classification part | 000 |
| Call number prefix | GUP |
| Withdrawn status | Lost status | Not for loan | Collection code | Home library | Current library | Date acquired | Source of acquisition | Cost, normal purchase price | Full call number | Barcode | Copy number | Cost, replacement price | Koha item type |
|---|---|---|---|---|---|---|---|---|---|---|---|---|---|
| Non-fiction | Patel Nagar | Patel Nagar | 10/08/2021 | DBAD/PUB | 490.00 | 000 GUP | EN-113255 | 1 | 490.00 | English Books |
